[Event "FICGS rapid B 000070 email"]
[Site "FICGS email"]
[Date "2007.10.07"]
[Round "1"]
[White "Alessandrini, Daniele"]
[Black "Lemay, Simon"]
[Result "1-0"]
[WhiteElo "1650"]
[BlackElo "1600"]
[PlyCount "39"]
[EventDate "2007.??.??"]
[EventType "tourn (rapid)"]
[EventRounds "6"]
[SourceTitle "Corr 2022"]
[Source "ChessBase"]
[SourceDate "2021.10.24"]
[SourceVersion "1"]
[SourceVersionDate "2021.10.24"]
[SourceQuality "1"]

1. e4 c5 2. Nf3 Nc6 3. Bb5 e6 4. 0-0 Nf6 5. Re1 b6 6. c3 Bb7 7. d4 d5 8. exd5 Nxd5 9. c4 Nc7 10. d5 a6 11. Bxc6+ Bxc6 12. dxc6 Qxd1 13. Rxd1 Be7 14. Bf4 Rc8 15. Rd7 Bd8 16. Nc3 0-0 17. Rad1 b5 18. Rxd8 Rcxd8 19. Rxd8 Rxd8 20. Bxc7 1-0

[Event "FICGS rapid B 000070 email"]
[Site "FICGS email"]
[Date "2007.10.07"]
[Round "1"]
[White "Clement, Etienne"]
[Black "Alessandrini, Daniele"]
[Result "1-0"]
[WhiteElo "1712"]
[BlackElo "1650"]
[PlyCount "65"]
[EventDate "2007.??.??"]
[EventType "tourn (rapid)"]
[EventRounds "6"]
[SourceTitle "Corr 2022"]
[Source "ChessBase"]
[SourceDate "2021.10.24"]
[SourceVersion "1"]
[SourceVersionDate "2021.10.24"]
[SourceQuality "1"]

1. Nf3 Nf6 2. c4 g6 3. Nc3 Bg7 4. d4 0-0 5. e4 d6 6. Be3 e5 7. d5 Nbd7 8. Qd2 Nc5 9. Bd3 Ne8 10. Bc2 a5 11. Bh6 f5 12. exf5 Bxf5 13. Be3 Bxc2 14. Qxc2 Nf6 15. Bxc5 dxc5 16. 0-0 Qd6 17. Ng5 c6 18. Nge4 Qd7 19. d6 Ne8 20. Na4 Rd8 21. Rad1 Qf5 22. Qe2 Rf7 23. Naxc5 Bf8 24. d7 Nf6 25. Nxb7 Rdxd7 26. Nbd6 Bxd6 27. Nxd6 Rxd6 28. Rxd6 Qc8 29. Qxe5 Qc7 30. Rfd1 Rf8 31. Qe6+ Kg7 32. Rd7+ Nxd7 33. Rxd7+ 1-0